| 000 | 00964nam a2200241 a 4500 | ||
|---|---|---|---|
| 001 | 000118237 | ||
| 003 | AM-YEHGA | ||
| 005 | 20250617122514.0 | ||
| 008 | 990920s1979 ru ||||gr|||||||||0|rus|d | ||
| 040 | _aAM-YeHGA | ||
| 041 | 0 | _arus | |
| 100 | 1 | _aКрасилов, Валентин Абрамович | |
| 245 | 1 | 0 |
_aМеловая флора Сахалина / _cВ.А. Красилов ; Отв. ред. Ю.Д. Захаров. |
| 246 | 3 | 1 | _aThe Cretaceous of Sakhalin |
| 260 |
_aМосква : _bНаука, _c1979. |
||
| 300 | _a183 с. | ||
| 500 | _aПроект 58 (Средний мел). Международной программы геологической корреляции | ||
| 550 | _aАН СССР. Дальневосточный научный центр. Биолого-почвенный ин-т | ||
| 650 | 1 | 4 | _aПалеоботаника |
| 700 | 1 |
_aЗахаров, Ю.Д. _eред. _4edt |
|
| 942 |
_2udc _cBK |
||
| 090 | _c39341 | ||
| 999 |
_c38717 _d38717 |
||